000
00240nam a2200109Ia 4500
005
20251222141909.0
008
251222s9999||||xx |||||||||||||| ||spa||
082
_a
277/C76C
245
0
_a
Comunión y misión:
264
_b
EDICE
942
_c
LIB
999
_c
8328
_d
8328